[Event "44th North Shore Open"]
[Site "Auckland NZL"]
[Date "2017.08.27"]
[Round "5"]
[White "Gong, Daniel Hanwen"]
[Black "Hague, Ben"]
[Result "0-1"]
[WhiteElo "2278"]
[BlackElo "2326"]
[PlyCount "82"]
[EventDate "2017.08.26"]

1. c4 e5 2. Nc3 Nf6 3. g3 c6 4. d4 exd4 5. Qxd4 d5 6. Bf4 dxc4 7. Qxc4 Be6 8.
Qa4 Qb6 9. Qc2 Na6 10. Bh3 Nb4 11. Qc1 Bc5 12. Bxe6 Bxf2+ 13. Kf1 Bxg1 14.
Bxf7+ Kxf7 15. Rxg1 Rhe8 16. Rg2 Rad8 17. a3 Nbd5 18. Nxd5 Rxd5 19. b4 Qd4 20.
e3 Qd3+ 21. Re2 g5 22. Bc7 Rc8 23. e4 Nxe4 24. Qe1 Rxc7 25. Kg2 Qxe2+ 26. Qxe2
Rd2 27. Rf1+ Kg7 28. Qxd2 Nxd2 29. Rf5 h6 30. h4 Rf7 31. Ra5 b6 32. Re5 gxh4
33. gxh4 Rc7 34. Kf2 Nc4 35. Re4 Nxa3 36. Kf3 c5 37. bxc5 bxc5 38. Kg4 c4 39.
Re5 c3 40. Kh5 c2 41. Re1 Rc5+ 0-1

[Event "44th North Shore Open"]
[Site "Auckland NZL"]
[Date "2017.08.27"]
[Round "5"]
[White "Ang, Alphaeus Wei Ern"]
[Black "Polishchuk, Kirill"]
[Result "1-0"]
[WhiteElo "2141"]
[BlackElo "2132"]
[PlyCount "87"]
[EventDate "2017.08.26"]

1. d4 d5 2. c4 Nc6 3. Nf3 Bg4 4. Nc3 e6 5. cxd5 exd5 6. e3 Nf6 7. h3 Bh5 8. Bb5
Qd6 9. g4 Bg6 10. Ne5 Nd7 11. f4 f6 12. Nxg6 hxg6 13. Bd3 O-O-O 14. Bxg6 Rh6
15. Bd3 Re8 16. Kf2 Qe6 17. Bf5 Qf7 18. Qb3 g6 19. Nxd5 gxf5 20. Nb6+ axb6 21.
Qxf7 Re7 22. Qd5 fxg4 23. hxg4 Nb4 24. Qf3 Nd3+ 25. Kg2 f5 26. g5 Rc6 27. Qd1
Nb4 28. Bd2 Nd5 29. Kf2 Rce6 30. Qb3 c6 31. Qd3 Re4 32. Rh8 Kc7 33. Rah1 Bg7
34. Rg8 Nxf4 35. exf4 Bxd4+ 36. Kf1 Nc5 37. Qf3 R4e6 38. Rh6 Re4 39. Rf8 Bg7
40. Rxf5 Bxh6 41. gxh6 R4e6 42. Rxc5 bxc5 43. f5 Rf7 44. Bf4+ 1-0

[Event "44th North Shore Open"]
[Site "Auckland NZL"]
[Date "2017.08.27"]
[Round "5"]
[White "Steadman, Michael V R"]
[Black "McLaren, Leonard J"]
[Result "0-1"]
[WhiteElo "2194"]
[BlackElo "2208"]
[PlyCount "42"]
[EventDate "2017.08.26"]

1. b4 e5 2. Bb2 Bxb4 3. Bxe5 Nf6 4. Nf3 O-O 5. e3 d5 6. c4 c5 7. cxd5 Nxd5 8.
a3 Ba5 9. Be2 Nc6 10. Bb2 Qe7 11. O-O Be6 12. Qc2 Rac8 13. d3 Bc7 14. Nbd2 b6
15. Ne4 f6 16. Rac1 Bb8 17. Rfd1 Rfd8 18. Qa4 Kh8 19. Ng3 Qd7 20. Qh4 Nce7 21.
d4 Ng6 0-1

[Event "44th North Shore Open"]
[Site "Auckland NZL"]
[Date "2017.08.27"]
[Round "5"]
[White "Runcan, Daniel-Ioan"]
[Black "Morrell, Gordon"]
[Result "1/2-1/2"]
[WhiteElo "1936"]
[BlackElo "2042"]
[PlyCount "54"]
[EventDate "2017.08.26"]

1. e4 c5 2. Nc3 Nc6 3. g3 g6 4. Bg2 Bg7 5. f4 d6 6. Nge2 Nf6 7. d3 O-O 8. O-O
Bd7 9. h3 Rb8 10. g4 b5 11. Ng3 b4 12. Nce2 a5 13. g5 Ne8 14. f5 a4 15. Rb1 Nc7
16. Be3 Nb5 17. Nf4 Ne5 18. Nd5 f6 19. Qd2 a3 20. gxf6 Bxf6 21. Bh6 Rf7 22.
fxg6 hxg6 23. bxa3 Nxa3 24. Rbe1 Nb5 25. Ne2 Ra8 26. d4 cxd4 27. Nxd4 Nxd4
1/2-1/2

[Event "44th North Shore Open"]
[Site "Auckland NZL"]
[Date "2017.08.27"]
[Round "5"]
[White "Goodhue, Nathan"]
[Black "Lim, Benjamin U"]
[Result "0-1"]
[WhiteElo "1968"]
[BlackElo "1927"]
[PlyCount "122"]
[EventDate "2017.08.26"]

1. b3 d5 2. Bb2 f6 3. f4 e6 4. d4 Bd6 5. e3 Ne7 6. Nf3 O-O 7. Bd3 b6 8. Qe2 Qe8
9. O-O Ng6 10. Nbd2 Nc6 11. a3 e5 12. dxe5 fxe5 13. Bxg6 hxg6 14. fxe5 Nxe5 15.
Nxe5 Rxf1+ 16. Rxf1 Bxe5 17. Bxe5 Qxe5 18. Nf3 Qe7 19. Qd2 c6 20. Nd4 Ba6 21.
Re1 Qf6 22. Nf3 Rd8 23. c3 g5 24. Qd4 c5 25. Qe5 g4 26. Qxf6 gxf6 27. Nd2 Kf7
28. Kf2 f5 29. Kg3 Kf6 30. Kf4 Rh8 31. Rh1 Bd3 32. h4 b5 33. h5 Rh6 34. c4 dxc4
35. bxc4 bxc4 36. Rc1 Rxh5 37. Nxc4 Rh7 38. Ne5 c4 39. Nxd3 cxd3 40. Rc6+ Kf7
41. Rd6 Rh2 42. Kg3 Rh1 43. Rxd3 Ke6 44. Rd4 Ke5 45. Ra4 Rh7 46. Rb4 Rd7 47. a4
Rd3 48. Rb7 Rxe3+ 49. Kf2 Ra3 50. Rxa7 Kf4 51. a5 Ra2+ 52. Kf1 Ra1+ 53. Kf2
Ra2+ 54. Kf1 Kg3 55. a6 Rf2+ 56. Ke1 Rxg2 57. Rd7 Ra2 58. a7 f4 59. Re7 f3 60.
Rf7 Kg2 61. Rf4 g3 0-1

[Event "44th North Shore Open"]
[Site "Auckland NZL"]
[Date "2017.08.27"]
[Round "5"]
[White "Fan, Allen Chi Zhou"]
[Black "Johns, Daniel P"]
[Result "1-0"]
[WhiteElo "2055"]
[BlackElo "1909"]
[PlyCount "47"]
[EventDate "2017.08.26"]

1. Nf3 d5 2. g3 c5 3. Bg2 Nc6 4. O-O Nf6 5. b3 g6 6. Bb2 Bg7 7. c4 O-O 8. Nc3
e6 9. e3 b6 10. d3 Bb7 11. Qe2 Qe7 12. Rfd1 Rfd8 13. Rd2 Rd7 14. Rad1 Rad8 15.
cxd5 Nxd5 16. Nxd5 Rxd5 17. d4 cxd4 18. Nxd4 Nxd4 19. Bxd4 R5d7 20. Bxb7 Bxd4
21. Bc6 Rd6 22. Rxd4 Rxd4 23. exd4 Qf6 24. Qc4 1-0

[Event "44th North Shore Open"]
[Site "Auckland NZL"]
[Date "2017.08.27"]
[Round "5"]
[White "Li, Shenyue (Sherry)"]
[Black "Seabrook, Roy"]
[Result "1-0"]
[WhiteElo "2038"]
[BlackElo "1814"]
[PlyCount "93"]
[EventDate "2017.08.26"]

1. e4 Nc6 2. Nf3 f5 3. e5 e6 4. d4 d6 5. Bb5 Bd7 6. Bc4 dxe5 7. dxe5 Bb4+ 8. c3
Bc5 9. b4 Bb6 10. Qb3 Qe7 11. a4 a6 12. O-O h6 13. a5 Ba7 14. b5 axb5 15. Bxb5
Nxa5 16. Bxd7+ Qxd7 17. Rxa5 Bxf2+ 18. Rxf2 Rxa5 19. Rd2 Rd5 20. Rxd5 Qxd5 21.
Qxd5 exd5 22. Nd4 Ne7 23. Ne6 Kf7 24. Nxc7 Rc8 25. Nb5 Ke6 26. Bf4 Nc6 27. Nd2
g5 28. Be3 Nxe5 29. Nb3 Nc4 30. Bd4 b6 31. Bg7 Kf7 32. Bd4 Ra8 33. Bf2 Ra2 34.
g3 Rb2 35. N3d4 Kf6 36. Nc7 Ke5 37. Ne8 f4 38. gxf4+ gxf4 39. Kg2 Ne3+ 40. Kf3
Nd1 41. Bh4 Rf2+ 42. Bxf2 Nxc3 43. Ne2 Nxe2 44. Kxe2 b5 45. Bc5 f3+ 46. Kxf3 d4
47. Nc7 1-0

[Event "44th North Shore Open"]
[Site "Auckland NZL"]
[Date "2017.08.27"]
[Round "5"]
[White "Duneas, John"]
[Black "Mistry, Prashant"]
[Result "1/2-1/2"]
[WhiteElo "2034"]
[BlackElo "2006"]
[PlyCount "123"]
[EventDate "2017.08.26"]

1. d4 d5 2. c4 e6 3. Nc3 Nf6 4. cxd5 exd5 5. Bg5 Be7 6. Qc2 c6 7. e3 Be6 8. Bd3
h6 9. Bf4 Bd6 10. Nge2 g5 11. Bg3 Qe7 12. O-O-O Nbd7 13. Kb1 h5 14. f3 h4 15.
Bxd6 Qxd6 16. e4 dxe4 17. fxe4 Ng4 18. Rde1 Ne3 19. Qd2 Nxg2 20. Reg1 h3 21.
Qxg5 f6 22. Qg6+ Bf7 23. Qg3 Qxg3 24. hxg3 Ke7 25. Nf4 Nxf4 26. gxf4 Rh4 27.
Ne2 f5 28. Ng3 Rxf4 29. Nxf5+ Kd8 30. Rxh3 Kc7 31. Rh7 Rf8 32. Rh6 c5 33. dxc5
Ne5 34. Bc2 Bg6 35. b3 Bxf5 36. exf5 Rf7 37. Rgh1 Nd7 38. Rh7 Rxh7 39. Rxh7 Kc6
40. a3 Nxc5 41. b4 Ne4 42. Bxe4+ Rxe4 43. Kc2 Rf4 44. Rf7 a6 45. f6 b6 46. Kd3
a5 47. Ke3 Rf1 48. bxa5 bxa5 49. Kd4 Kb5 50. Ke5 Rf3 51. Rd7 Rxa3 52. Rd4 Rc3
53. f7 Rc8 54. Ke6 a4 55. Rf4 a3 56. f8=Q Rxf8 57. Rxf8 Kb4 58. Kd5 a2 59. Ra8
Kb3 60. Kd4 Kb2 61. Rb8+ Kc2 62. Ra8 1/2-1/2

[Event "44th North Shore Open"]
[Site "Auckland NZL"]
[Date "2017.08.27"]
[Round "5"]
[White "Nagorski, Alex"]
[Black "Krstev, Antonio"]
[Result "0-1"]
[WhiteElo "1859"]
[BlackElo "2034"]
[PlyCount "72"]
[EventDate "2017.08.26"]

1. Nf3 d5 2. c4 c6 3. d4 Nf6 4. Nc3 g6 5. cxd5 cxd5 6. Bf4 Bg7 7. e3 O-O 8. h3
a6 9. Bd3 Bd7 10. O-O Bc6 11. Ne5 Nh5 12. Nxc6 Nxc6 13. Bh2 e6 14. Rc1 Qe7 15.
a3 f5 16. b4 f4 17. b5 axb5 18. Nxb5 f3 19. Bd6 Qg5 20. g3 Rad8 21. Kh2 e5 22.
Rc5 Nf6 23. dxe5 Nxe5 24. Bxe5 Ng4+ 25. Kg1 Bxe5 26. Nd4 Bxd4 27. exd4 Qh5 28.
h4 Nf6 29. Re1 Rde8 30. Bb5 Re4 31. Rxe4 Nxe4 32. Rc1 g5 33. Qf1 Qg4 34. Rc7
Nxg3 35. Bd7 Nf5+ 36. Kh2 Qf4+ 0-1

[Event "44th North Shore Open"]
[Site "Auckland NZL"]
[Date "2017.08.27"]
[Round "5"]
[White "Wright, Caleb"]
[Black "Picken, Oliver"]
[Result "1-0"]
[WhiteElo "1864"]
[BlackElo "1866"]
[PlyCount "95"]
[EventDate "2017.08.26"]

1. d4 Nf6 2. c4 e5 3. dxe5 Ng4 4. e4 Nxe5 5. f4 Nec6 6. Be3 d6 7. Nc3 Nd7 8.
Nf3 Nf6 9. h3 Be7 10. Be2 Nh5 11. O-O Ng3 12. Re1 Nxe2+ 13. Rxe2 Be6 14. Nd5
Bxd5 15. exd5 Nb8 16. Bd4 O-O 17. Qb3 b6 18. Qc3 Bf6 19. Bxf6 Qxf6 20. Qxf6
gxf6 21. Re7 Na6 22. Rae1 Rfd8 23. Nd4 Kf8 24. Nc6 Re8 25. Rxe8+ Rxe8 26. Rxe8+
Kxe8 27. b4 Kf8 28. Kf2 Kg7 29. a3 Kg6 30. Kf3 Kh5 31. Nxa7 Nb8 32. Nb5 Na6 33.
Nd4 Nb8 34. g3 Nd7 35. Nb5 f5 36. Nxc7 Nf6 37. Na8 h6 38. Nxb6 Ng8 39. a4 f6
40. a5 Ne7 41. a6 Ng6 42. a7 Nf8 43. a8=Q Ng6 44. g4+ Kh4 45. gxf5 Ne7 46. Qa1
Nc8 47. Qxf6+ Kh5 48. Qg7 1-0

[Event "44th North Shore Open"]
[Site "Auckland NZL"]
[Date "2017.08.27"]
[Round "5"]
[White "Mukkattu, Philip"]
[Black "Zhang, Jasmine Haomo"]
[Result "1-0"]
[WhiteElo "1674"]
[BlackElo "1880"]
[PlyCount "83"]
[EventDate "2017.08.26"]

1. Nf3 d5 2. g3 Nf6 3. Bg2 Bf5 4. c4 e6 5. Nc3 c6 6. cxd5 exd5 7. O-O Bd6 8.
Nd4 Bg6 9. d3 O-O 10. Re1 Bc5 11. Nb3 Bb4 12. a3 Bd6 13. e4 dxe4 14. dxe4 Be5
15. Qc2 Na6 16. Bg5 Qc7 17. Rac1 Rfe8 18. Qd3 Rad8 19. Qe3 Qb8 20. f4 Bxc3 21.
Qxc3 Nxe4 22. Bxe4 Rxe4 23. Rxe4 Bxe4 24. Bxd8 Qxd8 25. Qd4 Qxd4+ 26. Nxd4 f5
27. Ne6 b6 28. b4 Nb8 29. Kf2 h6 30. Rd1 Bd5 31. Nc7 Kf7 32. Nxd5 cxd5 33. Rxd5
Ke6 34. Re5+ Kf6 35. Re8 Nc6 36. Rc8 Nd4 37. Rc7 Nb5 38. Rc6+ Ke7 39. a4 Nd4
40. Rc7+ Kf6 41. Rxa7 Nc6 42. Rb7 1-0

[Event "44th North Shore Open"]
[Site "Auckland NZL"]
[Date "2017.08.27"]
[Round "5"]
[White "Hair, Philip I"]
[Black "Qin, Nicole Shu Yu"]
[Result "1-0"]
[WhiteElo "1847"]
[BlackElo "1551"]
[PlyCount "97"]
[EventDate "2017.08.26"]

1. e4 e6 2. e5 d5 3. exd6 Bxd6 4. g3 Nf6 5. Bg2 c5 6. Nf3 Nc6 7. d3 Qc7 8. Nc3
a6 9. Bg5 Ng4 10. Ne4 Be7 11. Bxe7 Nxe7 12. Qd2 f5 13. Nc3 Ne5 14. O-O O-O 15.
Nxe5 Qxe5 16. f4 Qd4+ 17. Qf2 Qb4 18. Rab1 Bd7 19. a3 Qb6 20. b4 Bc6 21. Qxc5
Qxc5+ 22. bxc5 Nd5 23. Bxd5 exd5 24. Ne2 Rf7 25. Nd4 Be8 26. Rb6 Rc8 27. Rfb1
Rcc7 28. Ne6 Rcd7 29. c6 bxc6 30. Rxc6 Ra7 31. Rc8 Rfe7 32. Nd4 Kf7 33. Nxf5
Re6 34. Nd4 Ree7 35. Rd8 Red7 36. Rbb8 Rxd8 37. Rxd8 Rd7 38. Rxd7+ Bxd7 39. Kf2
Kf6 40. Ke3 Bc8 41. Nf3 Bb7 42. Kd4 Ke7 43. Ke5 Bc6 44. Nd4 Bb7 45. Ne6 g6 46.
Nc5 Ba8 47. Nxa6 Bb7 48. Nb4 h5 49. Nxd5+ 1-0